Normal view
MARC view
- Supervisor : Dr Sami ur Rehman shah
Entry Personal Name
001 - CONTROL NUMBER
- control field: 119957
003 - CONTROL NUMBER IDENTIFIER
- control field: NUST
005 - DATE AND TIME OF LATEST TRANSACTION
- control field: 20240119102917.0
008 - FIXED-LENGTH DATA ELEMENTS
- fixed length control field: 240119|| aca||aabn | a|a d
040 ## - CATALOGING SOURCE
- Original cataloging agency: NUST
- Transcribing agency: NUST
100 ## - HEADING--PERSONAL NAME
- Personal name: Supervisor : Dr Sami ur Rehman shah
670 ## - SOURCE DATA FOUND
- Source citation: Work cat.: (NUST)524611: Umer Bin Abdul Aziz 15415, COMBUSTION MODEL DEVLOPMENT AND VALIDATION /, 2015.
